Country Compass - Austria - Statistics

General Stats
  • This quiz has been taken 11 times
  • The average score is 12 of 13
Answer Stats
Country % Correct
France
100%
Germany
100%
Italy
100%
Slovakia
100%
Ukraine
100%
Belgium
90%
Poland
90%
Romania
90%
Serbia
90%
Bosnia and Herzegovina
80%
Hungary
80%
Montenegro
80%
Croatia
70%
No matching quizzes found
Score Distribution
Percent of People with Each Score
Percentile by Number Answered
Your Score History
You have not taken this quiz